00000000nam##2200000za#4500
0019.676346
003CaOODSP
00520250403105601
007cr |||||||||||
008150407|1988||||xxc|||||o    f|0| 0 fre|d
040 |aCaOODSP|bfre
041 |aeng
041 |afre
043 |an-cn---
0861 |aCS93-F0015-4/1988-PDF
24500|aRecensement du Canada de 1986 : régions de tri d'acheminement urbaines profils - partie 1 : |h[ressource électronique]|bManitoba / Saskatchewan / Alberta / Colombie-Britannique / Territoires Du Nord Ouest / Yukon
260 |aOttawa - Ontario : |bStatistique Canada |c1988.
500 |aPublication du recensement historique numérisé par Statistique Canada.
590 |a13-07-Supp|b2013-03-25
69107|aRecensement|2gcpds
7102 |aStatistique Canada.
791 |t1986 Census of Canada : urban forward sortation area profiles - part 1 : |eeng|w(CaOODSP)9.676345
85640|ahttp://publications.gc.ca|qPDF|s7.4 Mo|uhttps://publications.gc.ca/collections/collection_2013/statcan/rh-hc/CS93-F0015-4-1988.pdf